=LDR 00000nam 2200000 4500 =001 INLIS000000000009685 =990 ##$$a 119.936/Pro-97 =005 20210319065139 =990 ##$$a DW00018803 =035 ##$$a 0010-061300000009685 =041 ##$$a Ind =082 ##$$a 634 609 985 1 =090 ##$$a 634 609 985 1, Fru f =245 1#$$a Fruits of Bali /$c Eiseman =260 ##$$a Singapore :$b Berkely Books Pte,$c 1997 =300 ##$$a 127 hlm ; $c 21 cm =650 #4$$a Buah - Buahan - Bali =850 ##$$a NBPNMAT =020 ##$$a 0-945971-02-8 =100 #$$a Eiseman =008 210319###########################0###### =084 ##$$a 634 609 985 1 EIS f =990 ##$$a DW00018803 =990 ##$$a 1199701710